|
|
|
|
| LEADER |
00000cam a2200000 7i4500 |
| 001 |
0000012769 |
| 005 |
20070607.0 |
| 022 |
0 |
|
|a 16750462
|
| 090 |
0 |
0 |
|a 370
|b FOK
|
| 245 |
0 |
0 |
|a Fokus
|
| 260 |
|
|
|a Kuala Lumpur :
|b Bistari Communication ,
|c 2003
|
| 300 |
|
|
|a p.v. :
|b ill. ;
|c 27cm.
|
| 650 |
0 |
0 |
|a Education
|x Periodicals
|
| 850 |
|
|
|a HQ : BV;January-December 2002,January-December 2003.,January-December 2004, January-December 2005, January-June 2006, July-December 2006.
|
| 999 |
|
|
|a 00172997
|b MAJALAH
|c MAJALAH RUJUKAN
|e PERPUSTAKAAN KOMUNITI PETALING JAYA
|
| 999 |
|
|
|a 059754/96
|b BUKU
|c MAJALAH RUJUKAN
|e PERPUSTAKAAN KOMUNITI PETALING JAYA
|
| 999 |
|
|
|a 059754
|b BUKU
|c MAJALAH RUJUKAN
|e PERPUSTAKAAN KOMUNITI PETALING JAYA
|
| 999 |
|
|
|a 098596/97
|b BUKU
|c MAJALAH RUJUKAN
|e PERPUSTAKAAN KOMUNITI PETALING JAYA
|
| 999 |
|
|
|a 154665/02
|b MAJALAH
|c MAJALAH RUJUKAN
|e PERPUSTAKAAN KOMUNITI PETALING JAYA
|
| 999 |
|
|
|a 154754/02
|b MAJALAH
|c MAJALAH RUJUKAN
|e PERPUSTAKAAN KOMUNITI PETALING JAYA
|
| 999 |
|
|
|a 163742/03
|b MAJALAH
|c MAJALAH RUJUKAN
|e PERPUSTAKAAN KOMUNITI PETALING JAYA
|
| 999 |
|
|
|a 163744/03
|b MAJALAH
|c MAJALAH RUJUKAN
|e PERPUSTAKAAN KOMUNITI PETALING JAYA
|
| 999 |
|
|
|a 180111/04
|b MAJALAH
|c MAJALAH RUJUKAN
|e PERPUSTAKAAN KOMUNITI PETALING JAYA
|
| 999 |
|
|
|a 180154/04
|b MAJALAH
|c MAJALAH RUJUKAN
|e PERPUSTAKAAN KOMUNITI PETALING JAYA
|
| 999 |
|
|
|a 180206/04
|b MAJALAH
|c MAJALAH RUJUKAN
|e PERPUSTAKAAN KOMUNITI PETALING JAYA
|
| 999 |
|
|
|a 185224/04
|b MAJALAH
|c MAJALAH RUJUKAN
|e PERPUSTAKAAN KOMUNITI PETALING JAYA
|
| 999 |
|
|
|a 185229/04
|b MAJALAH
|c MAJALAH RUJUKAN
|e PERPUSTAKAAN KOMUNITI PETALING JAYA
|
| 999 |
|
|
|a 185258/04
|b MAJALAH
|c MAJALAH RUJUKAN
|e PERPUSTAKAAN KOMUNITI PETALING JAYA
|
| 999 |
|
|
|a 194340/05
|b MAJALAH
|c MAJALAH RUJUKAN
|e PERPUSTAKAAN KOMUNITI PETALING JAYA
|
| 999 |
|
|
|a 194348/05
|b MAJALAH
|c MAJALAH RUJUKAN
|e PERPUSTAKAAN KOMUNITI PETALING JAYA
|
| 999 |
|
|
|a 194462/05
|b MAJALAH
|c MAJALAH RUJUKAN
|e PERPUSTAKAAN KOMUNITI PETALING JAYA
|
| 999 |
|
|
|a 194501/05
|b DIGITAL VIDEO DISC
|c MAJALAH RUJUKAN
|e PERPUSTAKAAN KOMUNITI PETALING JAYA
|
| 999 |
|
|
|a 200793/06
|b MAJALAH
|c MAJALAH RUJUKAN
|e PERPUSTAKAAN KOMUNITI PETALING JAYA
|
| 999 |
|
|
|a 206568/06
|b MAJALAH
|c MAJALAH RUJUKAN
|e PERPUSTAKAAN KOMUNITI PETALING JAYA
|